Anuario estadístico 2014.

Zapisane w:
Opis bibliograficzny
Korporacja: Consejo de Rectores de las Universidades Chilenas (autor)
Format: Książka
Wydane: Santiago, Chile: Secretaría General del H. Consejo de Rectores de las Universidades Chilenas, 2014.
Hasła przedmiotowe:
Dostęp online:Disponible Online - Consejo de Rectores
Etykiety: Dodaj etykietę
Nie ma etykietki, Dołącz pierwszą etykiete!

MARC

LEADER 00000cam a2200000 a 4500
001 UCG9393
003 CL-VaPUC
005 20230410155757.0
008 230331t2014 ||||| |||| 00| 0 eng d
999 |c 440431  |d 440429 
022 |a 0716-0585 
040 |c Pontificia Universidad Católica de Valparaíso 
082 0 4 |a 378.83 CON 2014  |2 21 
110 |a Consejo de Rectores de las Universidades Chilenas  |e autor  |9 560937 
245 1 0 |a Anuario estadístico 2014. 
260 |a Santiago, Chile:  |b Secretaría General del H. Consejo de Rectores de las Universidades Chilenas,  |c 2014. 
300 |a 609 páginas. 
583 |a last modification  |c 20120309 14:21:00  |k Catalogador Asistente 
650 0 |a Educación superior   |9 223851 
650 0 |a Universidades  |9 256317 
650 0 |a Datos estadísticos  |9 329380 
650 0 |a Anuarios  |9 258977 
856 |u https://www.consejoderectores.cl/wp-content/uploads/anuario/2014/ANUARIO_2014_baja.pdf  |y  Disponible Online - Consejo de Rectores 
942 |c BK  |2 ddc 
952 |0 0  |1 0  |2 ddc  |4 0  |6 378_830000000000000_CON_2014  |7 0  |8 ED_SUP  |9 589406  |a BIBGIM  |b BIBGIM  |c S_PSTGRDO  |d 2023-03-31  |e Donación  |i 5656978  |o 378.83 CON 2014  |p 5656978  |r 2025-01-15  |t 1  |w 2023-03-31  |y BK  |k ESU